|
|
|
|
| LEADER |
00000nam a2200000 a 4500 |
| 001 |
vtls001291620 |
| 003 |
SK-MaSNL |
| 005 |
20260301113540.0 |
| 008 |
240315s1907 xx 0 und |
| 035 |
|
|
|a SNK000243299
|
| 040 |
|
|
|a SNK
|b slo
|c SNK
|e AACR2
|
| 044 |
|
|
|a xx
|
| 100 |
1 |
|
|a Masaryk, Tomáš Garrigue,
|d 1850-1937
|4 aut
|9 98178
|
| 245 |
1 |
|
|a Přednášky T. G. Masaryka
|
| 260 |
|
|
|a Chicago
|b "Spravedlnost"
|c 1907
|
| 300 |
|
|
|a 61 s.
|
| 958 |
|
|
|a ONDV
|
| 999 |
|
|
|c 714673
|d 716603
|
| 952 |
|
|
|t P60, <04>, [BOOK], {604}
|a SNK
|b SNK
|y VYP
|7 0
|p 17A0074765
|o snkIC 49161
|0 0
|1 0
|4 0
|d 1997-06-23
|l 0
|r 2005-01-02 00:00:00
|w 2026-02-23
|